Responses for Show #5014 - Thursday, June 1, 2006

Contestants

[<< previous game]

Jonathan Spencer, a box office manager from Alameda, California

Kathy Daum, a retired registrar and volunteer from Montevallo, Alabama

Nathan Meyers, a software developer from Medford, Massachusetts (whose 1-day cash winnings total $15,801)

[next game >>]

Jeopardy! Round responses

EUROPE
THAT WAS ENTERTAINMENT
WOMEN IN POLITICS
"BOOK"S
SHIP SHAPE
A VARIETY OF WORDS
(Alex: Each correct response will be made up of letters that can be found in the word "variety".)
    $200 25
(Kathy: What is Germany?)
(Jonathan: What is Andorra?)

Switzerland

NathanKathyJonathan
    $200 2
Liberace

Nathan
    $200 17
Louisiana

Nathan
    $200 1
her (little) black book

Kathy
    $200 11
the Nina & the Santa Maria

Kathy
    $200 12
(Nathan: What are [*]s?)
...
(Alex: I'll tell you why you were wrong. [*] would have been correct, but you put in an "S" in, and there is no "S" in the word "variety". And remember, each correct response will have the letters you find in the word "variety". Kathy, select again.)

tire

Nathan
Triple Stumper
    $400 26
Franco

Kathy
    $400 3
Captain Kangaroo

Kathy
    $400 18
Libby Dole

Kathy
    $400 7
(Alex: It was [*]. Not a particularly good one.)

a phrase book

Triple Stumper
    $400 22
the Mayflower

Jonathan
    $400 13
era

Jonathan
    $600 27
[The end-of-round signal sounds.]

KLM

Nathan
    $600 4
Irving Berlin

Kathy
    $600 19
(Kathy: What was Massachusetts?)
(Alex: No. A guess that didn't pay off. Nathan?)
(Nathan: What was New York?)
(Alex: No. ...Just a few years back... [*]. [*].)

Maryland

NathanKathy
Triple Stumper
    $600 8
a flip book

Nathan
    $600 23
the Monitor

Jonathan
    $600 14
(Kathy: What is a... oh...)
(Alex: Hurry! Oh, too much time! Nathan?)
(Nathan: What is a [*]?)
(Alex: You got it!)

vat

NathanKathy
    $800 5
(Kathy: What is The Phantom of the Opera?)
...
(Alex: We're talking about off-Broadway, [*]. 42 years.)

The Fantasticks

Kathy
Triple Stumper
    $800 20
Margaret Chase Smith

Nathan
    $800 9
(Jonathan: What is a chap book?)

stud book

Jonathan
Triple Stumper
    $800 24
(Alex: That's Old Ironsides... the [*]. Less than a minute to go now, Jonathan.)

the U.S.S. Constitution

Triple Stumper
    $800 15
rivet

Kathy
    $1000 6
Sid Caesar

Jonathan
    $1000 21
Ella Grasso

Nathan
    $1000 10
a fake book

Jonathan
    $1000 16
(Kathy: What is ire?)
...
(Alex: You were on the right track, Kathy. [*]. [*]. Ire doesn't satisfy the clue as we prepared it. You pick again, though.)

irate

Kathy
Triple Stumper

Scores at the first commercial break (after clue 14):

Nathan Kathy Jonathan
$1,200 $0 $1,600

Scores at the end of the Jeopardy! Round:

Nathan Kathy Jonathan
$3,400 -$200 $2,400

Double Jeopardy! Round responses

THERE WAS A FARMER
HAD A DOG
BINGO
WAS HIS NAME O'
"B-I"
NGO
    $400 13
carrots

Kathy
    $400 1
a Yorkshire terrier

Jonathan
    $400 6
Italy

Jonathan
    $400 11
Peter O'Toole

Jonathan
    $400 19
Biscuit

Jonathan
    $400 26
nuclear war

Nathan
    $800 14
New Zealand

Jonathan
    $800 2
a Chihuahua

Jonathan
    $800 7
4

Nathan
    $800 12
Tip O'Neill

Kathy
    $800 22
Bibb lettuce

Triple Stumper
    $800 27
[Alex pronounces "NGO" in the clue as "non-government organization".]

environmental

Kathy
    $1200 15
the Future Farmers of America

Nathan
    $1200 3
wolfhound

Jonathan
    $1200 8
housie

Triple Stumper
    $1200 18
John O'Hara

Triple Stumper
    $1200 23
a bibliophile

Kathy
    $2,000 28
La Leche

Kathy
    $1,600 16
the Boers

Nathan
    $1600 4
a Lhasa apso

Nathan
    $1600 9
(Nathan: What are horse tracks?)
(Jonathan: What are casinos?)

movie theaters

NathanJonathan
Triple Stumper
    $1600 20
(P.J.) O'Rourke

Jonathan
    $1600 24
Bikini Atoll

Jonathan
    $1600 29
blindness

Triple Stumper
    $2000 17
(Kathy: Who is Homer?)

Virgil

Kathy
Triple Stumper
    $2000 5
a bull terrier

Triple Stumper
    $2000 10
Pennsylvania

Nathan
    $2000 21
Sean O'Casey

Jonathan
    $2000 25
billiards

Triple Stumper
    $2000 30
Oxfam

Triple Stumper

Scores at the end of the Double Jeopardy! Round:

Nathan Kathy Jonathan
$9,400 $3,000 $10,400

[wagering suggestions for these scores]

Final Jeopardy! Round responses

PLAYWRIGHTS
(Alex: I believe they renamed the theater just before he died.)
...
(Alex: Troy Marson?)
(Nathan: Maxson.)
(Alex: Maxson? I'm not familiar with the name.)
(Nathan: A character in one of this playwright's plays.)
(Alex: Ah. A character, all right.)
KathyWho was Johnson?
$2,999
NathanWho was Troy Maxson?
$1,001
JonathanWho is August Wilson?
$8,401
August Wilson

Final scores:

Nathan Kathy Jonathan
$8,399 $1 $18,801
2nd place: $2,000 3rd place: $1,000 New champion: $18,801

Game dynamics:

Coryat scores:

Nathan Kathy Jonathan
$9,400 $2,200 $10,400
14 R
(including 1 DD),
3 W
12 R
(including 1 DD),
6 W
15 R,
3 W

Combined Coryat: $22,000

[game clues] [game scores] [suggest correction]

Game tape date: 2006-03-30
The J! Archive is created by fans, for fans. Scraping, republication, monetization, and malicious use prohibited; this site may use cookies and collect identifying information. See terms. The Jeopardy! game show and all elements thereof, including but not limited to copyright and trademark thereto, are the property of Jeopardy Productions, Inc. and are protected under law. This website is not affiliated with, sponsored by, or operated by Jeopardy Productions, Inc. Join the discussion at JBoard.tv.